Movies Quiz

Random Movies or Quote Quiz
Score 0/55 Timer 15:00
0 Plays Today
% Correct
Follow the yellow brick road
97.5%
I'll get you, my pretty, and your little dog too!
95.7%
Toto, I've a feeling we're not in Kansas anymore
95.5%
Only bad witches are ugly
94.6%
There's no place like home
94.2%
I'm melting! melting!
94.2%
Somewhere over the rainbow
93.5%
Help me, Obi-Wan Kenobi; you're my only hope
91%
Lions, and tigers, and bears! Oh, my!
90%
Let the Wookiee win
89.3%
Frankly, my dear, I don't give a damn
88%
You have no power here! Begone, before somebody drops a house on you, too!
87.7%
Aren't you a little short for a stormtrooper?
87.3%
Alive! It's alive! It's alive!
86.9%
Use the Force, Luke
86.8%
I'm gonna make him an offer he can't refuse
86.6%
These aren't the droids you're looking for
86.4%
Pay no attention to that man behind the curtain
86.4%
Here's looking at you kid
85.3%
That's no moon. It's a space station
83.5%
Leave the gun. Take the cannoli
82.6%
Of all the gin joints, in all the towns, in all the world, she walks into mine
82.5%
Play it, Sam. Play 'As Time Goes By.'
82.1%
Luca Brasi sleeps with the fishes
81.7%
You come into my house on the day my daughter is to be married and you ask me to do murder
81.6%
Edelweiss, Edelweiss, every morning you greet me
78.3%
Raindrops on roses and whiskers on kittens
76.7%
Louie, I think this is the beginning of a beautiful friendship
76.4%
% Correct
We'll always have Paris
75.2%
Are you suggesting coconuts migrate?
74.2%
As God is my witness, I'll never be hungry again
72.5%
My father is no different than any powerful man, any man with power, like a president or senator
72.4%
After all... tomorrow is another day
72.2%
I believe in America. America has made my fortune
72.2%
Gentlemen, you can't fight in here! This is the War Room
71.2%
You talk about vengeance. Is vengeance going to bring your son back to you?
69.7%
I can't go all my life waiting to catch you between husbands
69.2%
It's just a flesh wound
68.3%
There's nothing wrong with the children. Only the governesses
67.5%
Your mother was a hamster and your father smelt of elderberries
67%
Lawzy, we got to have a doctor. I don't know nothin' 'bout birthin' babies
66.8%
'UTTIN' ON THE 'IIIIITZ
65.4%
I remember every detail. The Germans wore gray, you wore blue
65.1%
You should be kissed and often, and by someone who knows how
65%
What... is the air-speed velocity of an unladen swallow?
63.1%
I am Frau Blücher. [horses whinny]
62.7%
Fiddle-dee-dee! War, war, war; this war talk's spoiling all the fun at every party this spring
60.4%
Sir, you are no gentleman
58.7%
What hump?
56%
I have always depended on the kindness of strangers
51.8%
Put... the candle... back!
51.4%
I'm shocked, shocked to find that gambling is going on in here!
51.2%
Round up the usual suspects
49.3%
This is the end of the chase. Twenty thousand francs says it isn't
48%
Mein Führer! I can walk!
39.2%
Remove Ads.
Support Sporcle.
Get the best of Sporcle when you Go Orange. This ad-free experience offers more features, more stats, and more fun while also helping to support Sporcle. Thank you for becoming a member.

You're not logged in!

Compare scores with friends on all Sporcle quizzes.
OR
Log In

Show Comments

Extras

Top Quizzes Today


Score Distribution

Your Account Isn't Verified!

In order to create a playlist on Sporcle, you need to verify the email address you used during registration. Go to your Sporcle Settings to finish the process.

Report this User

Report this user for behavior that violates our Community Guidelines.

Details: